000
00295nam a2200097Ia 4500
008
220204s9999 xx 000 0 und d
082
_a
NR:339.564(540)
_b
RUB;1
245
0
_a
Directory of exporters: Natural rubber & rubber products. Rev Ed. 4
260
_a
Kottayam
_b
Rubber Board
_c
2009
942
_c
BK
999
_c
44356
_d
44356